000 00565nam a2200217 a 4500
001 56869
003 BD-RjUL
005 20211209080438.0
008 161204s1996 bg 000 0 eng
020 _a9843002113
035 _a(BD-RjUL)56993
040 _aDLC
_cDLC
_beng
_dBD-RjUL
041 _aeng
082 _223
_a297
_bAHQ 1996
100 1 _aAhmad, Taslim.
_9168832
245 1 4 _aThe Qurà•nic way of life /
_cTaslim Ahmad.
260 _aDhaka : :
_bAshfaq Ahmad,
_cc1996.
300 _axix, 112 p. ;
_c21 cm.
650 _aIslam
_9169071
942 _2ddc
_cBK
999 _c56869
_d56869